000 00454nam a22001697a 4500
005 20251108175236.0
008 250721s2003 xx 000 0 eng d
082 1 4 _aJ/F/DER
100 1 _aderby, sally
245 1 0 _aTwo fools and a horse an original tale /
264 1 _anew york :
_bmarshall cavendish,
_c2003.
650 1 7 _aCHILDREN
650 1 7 _aSTORIES
653 _aناشئون صغار (10-14) سنة
942 _2ddc
_cBK
999 _c129543
_d129543